000 00596nam a2200205Ia 4500
003 GCL
008 140319s9999 xx 000 0 ara d
040 _aGCL /
_cGCL
082 0 4 _a345
_bر م
100 1 _aرؤوف عبيد
245 1 0 _aمبادئ القسم العام فى التشريع العقابى /
_cرؤوف عبيد
300 _a952 ص
650 0 4 _aالقانون الجنائى
650 0 4 _aالقانون
650 0 4 _aمصر
650 0 4 _aقانون العقوبات
650 0 4 _aعلم الاجرام
650 0 4 _aالحرية والمجرمون
942 _2ddc
_cBK
999 _c39027
_d39027